Normal view
MARC view
- VEHICLES-NATURAL GAS GAS VEHICLES MOTOR VEHICLE INDUSTRY-UNITED STATES NATURAL GAS VEHICLES
Entry Topical Term
001 - CONTROL NUMBER
- control field: 77542
003 - CONTROL NUMBER IDENTIFIER
- control field: NUST
005 - DATE AND TIME OF LATEST TRANSACTION
- control field: 20210628205933.0
008 - FIXED-LENGTH DATA ELEMENTS
- fixed length control field: 210628|| aca||aabn | a|a d
040 ## - CATALOGING SOURCE
- Original cataloging agency: NUST
- Transcribing agency: NUST
150 ## - HEADING--TOPICAL TERM
- Topical term or geographic name entry element: VEHICLES-NATURAL GAS GAS VEHICLES MOTOR VEHICLE INDUSTRY-UNITED STATES NATURAL GAS VEHICLES
670 ## - SOURCE DATA FOUND
- Source citation: Work cat.: (NUST): Ingersoll, John.G 67807, Natural gas vehciles, 1996
